000 00813nam a2200277 4500
003 OSt
005 20260601193847.0
008 260507b1974 |||o|||| |||| 00| 0 spa d
020 _a8425206162
020 _a9788425206160
040 _aICI
_bspa
_cICI
050 _aTR183
_bF7418
100 1 _aFreund, Gisele
_931612
245 1 _aLa Fotografía como documento social
264 _bGustavo Gili Barcelona
_c1976
_aParis
300 _a207 páginas
336 _atexto
_2rdacontent
337 _asin medio
_2rdamedia
338 _avolumen
_2rdacarrier
650 _aFotografía
_xAspectos sociales
_931613
650 _aFotografía documental
_931614
650 _aSociología de la fotografía
_931615
650 _aComunicación visual
650 _aHistoria de la fotografía
_931617
942 _2lcc
_cB
_n1
999 _c21684
_d21684